|
|
|
|
| LEADER |
00000nam0a2200000 4500 |
| 001 |
1207 |
| 005 |
20231030173014.0 |
| 010 |
|
|
|a 5852370320
|
| 035 |
|
|
|a (RuTPU)RU\TPU\book\1214
|
| 035 |
|
|
|a BOOK00001216
|
| 090 |
|
|
|a 1207
|
| 100 |
|
|
|a 20011209d1996 m y0rusy50 ca
|
| 101 |
1 |
|
|a rus
|c ger
|
| 102 |
|
|
|a RU
|
| 105 |
|
|
|a y z 000zy
|
| 200 |
1 |
|
|a Ваш первый выход в Internet
|e пер. с нем.
|f М. Нольден
|g пер. К. А. Шиндер
|
| 210 |
|
|
|a СПб.
|c ИКС
|d 1996
|
| 215 |
|
|
|a 240 с.
|
| 333 |
|
|
|a Исключено из фонда НТБ ТПУ
|
| 700 |
|
1 |
|a Нольден
|b М.
|g Матиас
|
| 702 |
|
1 |
|a Шиндер
|b К. А.
|4 730
|
| 801 |
|
0 |
|a RU
|b 63413507
|c 20011209
|g PSBO
|
| 801 |
|
2 |
|a RU
|b 63413507
|c 20170301
|g PSBO
|
| 942 |
|
|
|c BK
|